000
00260nam a2200109Ia 4500
008
200302s9999 xx 000 0 und d
100
_a
Rogers
245
_a
Highway Engineering(Usd 74.99)
260
_b
Black Well Publishing Ltd.
260
_c
2003
300
_a
277
999
_c
4702
_d
4702